000 00714nam a2200217 i 4500
001 bg
100 1 _aKRÓLIKOWSKI, Zbyszko
245 1 0 _aOptymalizacja wykonania zapytań w zaawansowanych systemach baz danych /
_cZbyszko Królikowski.
260 _aPoznań :
_bWydaw. PP,
_c1998.
300 _a121, [1] s. :
_brys., wykr. ;
_c24 cm.
490 1 _aRozprawy / Politechnika Poznańska,
_x0551-6528 ;
_vNr 326
504 _aBibliogr. s. 111-121. - Summ.
650 9 _aBaza danych
650 9 _aOptymalizacja
_xzagadnienia
830 0 _aRozprawy (Politechnika Poznańska) ;
_vNr 326
040 _cBPK
041 0 _apl
_ben
080 _a004.65:519.86
942 _cKS
008 s pl f |000 0 pol
999 _c32607
_d32607
856 _uhttp://koha.tu.koszalin.pl/cgi-bin/koha/opac-detail.pl?biblionumber=32607
_yKatalog online BPK